Irena Kamińska-Szmaj jako inicjatorka wrocławskich badań nad dyskursem publicznym
| Titel: | Irena Kamińska-Szmaj jako inicjatorka wrocławskich badań nad dyskursem publicznym / Marcin Poprawa |
|---|---|
| Verfasser: | |
| In: |
Wrocławskie Towarzystwo Naukowe. Komisja Językowa: Rozprawy Komisji Językowej, Band 37 (2010), Seite 9-14 alle Artikel anzeigen |
| Veröffentlicht: | 2010 |
| Format: | Aufsatz |
| Sprache: | Polnisch |
X
alg: 27756506
001A $04505:17-10-11
001B $01999:12-07-19 $t16:13:51.000
001C $04505:17-10-11 $t09:37:30.000
001D $04505:17-10-11
001U $0utf8
001X $00
002@ $0Aou
003@ $0277565065
007A $0277565065 $aHEB
010@ $apol
011@ $a2010
021A $aIrena Kamińska-Szmaj jako inicjatorka wrocławskich badań nad dyskursem publicznym $hMarcin Poprawa
028A $7 $8Poprawa, Marcin [Tnu] $9277564530
031A $d37 $h9-14 $j2010
039B $aIn $8--Abvc--Wrocławskie Towarzystwo Naukowe$bKomisja Językowa [Tb1]. Rozprawy Komisji Językowej. - Wrocław {[u.a.] : Państw. Wydawn. Naukowe, 1959-2015. - ISSN 0084-2990 $x201000000370000991 $9047286199
045T $a7,11 $a7,39
045T $aLING $qDE-30 $2FID
045W $801.07.10$jPolnisch [Tkv] $9133118894
045W $804.09.03.001$jKritische Diskursanalyse [Tkv] $9133082431
045W $805.06.03$jEinzelne Forscher [Tkv] $9133070093
lok: 27756506 64
101B $016-03-15 $t08:32:36.000
101C $017-10-11
101U $0utf8
144Z/01 $ap @Kamińska-Szmaj, Irena
144Z/02 $ak @Uniwersytet
exp: 27756506 64 1 #EPN
201B/01 $017-10-11 $t09:37:30.000
201C/01 $017-10-11
201U/01 $0utf8
203@/01 $0631110267
208@/01 $a17-10-11 $be
209A/01 $a0 $f000 $x00
209B/01 $a99 $x05
247C/01 $8Frankfurt, Bibliographie Linguistischer Literatur $9129368261
lok: 27756506 78
exp: 27756506 78 1 #EPN
201B/01 $020-01-20 $t12:45:07.000
201C/01 $020-01-20
201U/01 $0utf8
203@/01 $01076385702
208@/01 $a20-01-20 $be
209A/01 $a/ $f000 $x00
209A/01 $ab*p $x01
220C/01 $aeja
244Z/01 $#Generalgouvernement Polen $#Polska $#Rzeczpospolita Polska $#Polska Rzeczpospolita Ludowa $#Poland $#Pologne $#République Polonaise $#Generalne Gubernatorstwo w Polsce $#Polish People's Republic $#Polska Rzeczpospolita Polen $#PRL $#RP $#Polen Generalgouvernement $#Polska Generalgouvernement $#Besetzte Polnische Gebiete $#Besetztes Gebiet in Polen $#Okupowane Polskie Obszary $#Obszary Okupowane w Polsce $#Volksrepublik Polen $#Polska Rosyjska $#Republic Polen $#Respublika Pol'ša $#Pol'skaja Narodnaja Respublika $#République de Pologne $#Polen Links der Weichsel $#Polska po Lewej Stronie Wisły $#Lenkija $#Polija $#Gubernija Carstva Pol'skago $#Republik Polen $74046496-9 $8--Tg1--Polen $x01 $9085129801
244Z/01 $#Schlesien $#Schlesien $#Herzogtum Schlesien $#Herzogtum Schlesien Schlesien $#Provinz Schlesien $#Śla̜sk $#Slezsko $#Silesia $74052678-1 $8--Tg1--Schlesien $x02 $9085146781
247C/01 $82080>Marburg/Lahn, Herder-Institut, Forschungsbibliothek, Bibliographieportal $9336309341
| LEADER | 00000caa a2200000 c 4500 | ||
|---|---|---|---|
| 001 | 277565065 | ||
| 003 | DE-603 | ||
| 005 | 20190712161351.0 | ||
| 007 | tu | ||
| 008 | 111017s2010 xx |||| | u00||u|pol c | ||
| 035 | |a (DE-599)HEB277565065 | ||
| 040 | |a DE-603 |b ger |c DE-603 |d DE-603 | ||
| 041 | |a pol | ||
| 084 | |a 7,11 |a 7,39 |2 ssgn | ||
| 084 | |a LING |q DE-30 |2 fid | ||
| 100 | 1 | |a Poprawa, Marcin |0 (DE-603)277564530 | |
| 245 | 0 | 0 | |a Irena Kamińska-Szmaj jako inicjatorka wrocławskich badań nad dyskursem publicznym |c Marcin Poprawa |
| 264 | 0 | |c 2010 | |
| 773 | 0 | 8 | |i In |a Wrocławskie Towarzystwo Naukowe. Komisja Językowa |t Rozprawy Komisji Językowej |d Wrocław [u.a.] : Państw. Wydawn. Naukowe, 1959-2015 |x 0084-2990 |g Band 37 (2010), Seite 9-14 |w (DE-603)047286199 |w (DE-600)205639-2 |
| 924 | 0 | |9 603 |a (DE-603)631110267 |b DE-603 |c HES |d d | |
| 924 | 0 | |9 2080 |a (DE-603)1076385702 |b DE-2080 |c HES |d d |g / | |


